Computer networks and internet: with internet applications. / (Record no. 2869)

MARC details
000 -LEADER
fixed length control field 02200nam a22001817a 4500
008 - FIXED-LENGTH DATA ELEMENTS--GENERAL INFORMATION
fixed length control field 140425b xxu||||| |||| 00| 0 eng d
020 ## - INTERNATIONAL STANDARD BOOK NUMBER
International Standard Book Number 0131433512
050 ## - LIBRARY OF CONGRESS CALL NUMBER
Classification number TK5105.5.C5897
100 ## - MAIN ENTRY--PERSONAL NAME
Personal name Comer, Douglas E.
245 ## - TITLE STATEMENT
Title Computer networks and internet: with internet applications. /
Statement of responsibility, etc. Douglas E. Comer.
250 ## - EDITION STATEMENT
Edition statement 4th ed.
260 ## - PUBLICATION, DISTRIBUTION, ETC.
Place of publication, distribution, etc. U.S.A:
Name of publisher, distributor, etc. Pearson Prentice Hall,
Date of publication, distribution, etc. 2004.
300 ## - PHYSICAL DESCRIPTION
Extent xxvi, 719p.:
Other physical details ills.;
Dimensions 24cm.
500 ## - GENERAL NOTE
General note Includes index,appendix and bibliography.
505 ## - FORMATTED CONTENTS NOTE
Formatted contents note Contents: Introduction -- Motivation and tools -- Network programming and applications -- Data transmission: transmission media -- Local asynchronous communication -- Long-distance communication( carriers, modulation, and modems) -- Packet transmission: packets, frame, and error detection -- LAN technologies and network topology -- Hardware addressing and frame type identification -- LAN wiring, physical topology, and interface hardware -- Extending LANs: fiber modems, repeaters, bridges, and switches -- Long-distance and local loop digital technologies -- WAN technologies and routing -- Connection-oriented networking and ATM -- Network characteristics: ownership, service paradigm, and performance -- Protocols and layering -- Internet working: concepts, architecture, and protocols -- IP: internet protocol addresses -- binding protocol addresses(ARP) -- IP data grams and data gram forwarding -- IP encapsulation, fragmentation, and reassembly -- The Future IP(IPv6) -- An Error reporting mechanism(ICMP) -- UDP: data gram transport service -- TCP: reliable transport service -- Network address translation -- internet routing -- Network applications: client-server interaction -- the socket interface -- example of a client and a server -- naming with the domain name system -- Electronic mail representation and transfer -- IP telephony(VoIP) -- File transfer and remote file access world wide web pages and browsing -- dynamic web document technologies(CGI, ASP, JSP, PHP, ColdFusion) -- Active web document technologies(Java, JavaScript) -- RPC and middleware -- Network management(SNMP) -- Network security -- Initialization(configuration).
650 ## - SUBJECT ADDED ENTRY--TOPICAL TERM
Topical term or geographic name entry element Computer.
942 ## - ADDED ENTRY ELEMENTS (KOHA)
Source of classification or shelving scheme Library of Congress Classification
Koha item type Books
Holdings
Withdrawn status Lost status Source of classification or shelving scheme Damaged status Not for loan Home library Current library Shelving location Date acquired Total Checkouts Full call number Barcode Date last seen Copy number Price effective from Koha item type
    Library of Congress Classification     WISCONSIN INTERNATIONAL UNIVERSITY COLLEGE, GHANA - MAIN LIBRARY WISCONSIN INTERNATIONAL UNIVERSITY COLLEGE, GHANA - MAIN LIBRARY Reference 25/04/2014   TK5105.5.C5897 7179/204/13 25/04/2014 1 25/04/2014 Books

If you have any concerns or questions; kindly contact the library


© Powered by WIUC ICT DIRECTORATE